000
00212nam a22000857a 4500
999
_c
11090
_d
11090
008
180824b ||||| |||| 00| 0 eng d
100
_a
Swift
_9
6862
245
_a
Gullivers Travels
260
_a
New Delhi
_b
Campfire
_c
2016